MDQL
is popping MORE tags! Check the
thread
!
Quizzes
Events
Quiz Creation
Community
Videos
Private Events
Remove Ads
Sign In
Join for FREE
Feedback
Dark Mode
Quiz Categories
Sports
Geography
Music
Movies
Television
Just For Fun
Miscellaneous
History
Literature
Language
Science
Gaming
Entertainment
Religion
Holiday
For Kids
Quiz Lab
Recent
Popular Today
Quiz Kudos Today
Editor Picks
Curator Picks
Quizzes by...
Day
Popularity
Type
Ratings
Length
Year
Community
Subscriptions
Recent Discussions
Orange Saloon
Badges
Playlists
Quests
Create
Leaderboards
Showdown
Live 5
Trivia Bingo
Activity
Puzzle Library
Sporcle Events
Private Events
Virtual Trivia
Globe League
Become a Host
Pub Owners
SporcleCon
Opinionation
Our Games
Videos
Blog
Mobile Apps
Partnerships
Remove Ads and Go Orange
Feedback
Sports
Athletes
MLB
NBA
NHL
NFL
Soccer
Sports Teams
WWE
NCAA
Football
Premier League
Basketball
Baseball
Hockey
Golf
Tennis
Cricket
Rugby
Auto Racing
Olympics
World Cup
Sports
Athletes
MLB
NBA
NHL
NFL
Soccer
Sports Teams
WWE
NCAA
Football
Premier League
Basketball
Baseball
Hockey
Golf
Tennis
Cricket
Rugby
Auto Racing
Olympics
World Cup
Random Quiz
Search Sporcle
×
Quiz Lab
Quiz Lab
Sports
NBA
Type in answers that appear in a list
Type in answers that appear in a list
Classic
Best Score? Go Orange.
Most NBA points 26yrs and younger Stats
Can you name the 50 NBA players who scored the most points being 26yrs and younger?
By
jamakl
10m
50 Questions
184 Plays
184 Plays
184 Plays
Comments
Comments
Give Quiz Kudos
Give Quiz Kudos
-
- Ratings
hide this ad
More Info
Replay
Link that replays current quiz
Next Quiz
Link to next quiz in quiz playlist
You Got
0%
They Got
Avg Score
55%
Avg Friend Score
Upgrade to see
Score Distribution
Jump to the score distribution portion of the page
Score
0/50
Timer
10:00
0
Plays Today
Points scored
Player
% Correct
17362#
LeBron James
97.8%
14034#
Kobe Bryant
94%
14016
Michael Jordan
94%
13355
Wilt Chamberlain
89.1%
14681#
Carmelo Anthony
86.4%
12343#
Shaquille O'Neal
86.4%
11877#
Kevin Garnett
85.9%
8896
Magic Johnson
82.6%
9445
Marques Johnson
82.1%
9009#
Joe Johnson
82.1%
11119
Moses Malone
80.4%
10908
Allen Iverson
80.4%
10116
Karl Malone
80.4%
9544
Jerry West
79.3%
12262
Kareem Abdul-Jabbar
78.3%
13570#
Tracy McGrady
77.2%
10324#
Tim Duncan
77.2%
10317#
Paul Pierce
74.5%
11106#
Dirk Nowitzki
71.2%
9404
Cliff Robinson
71.2%
10309#
Dwight Howard
69%
11713#
Chris Bosh
68.5%
11620
Oscar Robertson
65.2%
9139#
Amare Stoudemire
63.6%
10605
Charles Barkley
62%
Points scored
Player
% Correct
9484
Clyde Drexler
56.5%
11404
Isiah Thomas
56%
10219#
Tony Parker
53.3%
8894
Bob Pettit
48.4%
8909#
Rashard Lewis
45.1%
11908
Stephon Marbury
44.6%
10670#
Elton Brand
44%
9827#
Gilbert Arenas
43.5%
8996
Elvin Hayes
42.9%
9238#
Jerry Stackhouse
41.8%
10995
Antoine Walker
40.2%
12918
Bob McAdoo
35.3%
8944
Bernard King
34.8%
11789
Adrian Dantley
34.2%
8928
David Thompson
33.2%
8959
Tiny Archibald
26.6%
8909
Bob Lanier
23.4%
10688
Walt Bellamy
21.7%
8989
Mark Aguirre
21.2%
11045
Shareef Abdur-Rahim
16.8%
10330
Terry Cummings
12.5%
9680
Spencer Haywood
12.5%
9641
Jack Twyman
8.2%
11323
John Drew
5.4%
8911
Phil Chenier
2.2%
Quiz Playlist
Details
Report
Send in Message
Add To Playlist
More Info:
Data from April 14th 2011 # Active Players
Classic:
Type in answers that appear in a list
Quiz Source
Last Updated: Feb 16, 2017
Quiz Scoreboard
CHALLENGE
Sign Up to Join the Scoreboard
Show All
Scores
Hide
Comments
May contain spoilers
Recently Published
Colored Red Africa Blitz
by spor1
Geography
30s
Find the 'City' Movie
by crazypaving
Movies
60s
5x2 Blitz: Bands
by SL_Kpop136
Music
30s
More to Explore
Quiz From the Vault
Featured Blog Post
14 Easter Pick-up Lines to Find Eggs With
hide this ad
You Might Also Like...
Tags
Basketball Quiz
NBA Quiz
Actual
Age
Player
point
score
Younger
Today's Top Quizzes in Sports
Browse Sports
hide this ad
Today's Top Quizzes in NBA
Browse NBA
Top Contributed Quizzes in Sports
1
Players with Multiple 50 Home Run Seasons
2
Who Needs Fielders?
3
Criteria MLB: Left Handed Sluggers
4
MLB Players with Two .350 Batting Average Seasons
5
Who Hit More Homers?
6
2020 F1 Drivers Logic Puzzle
7
NBA Teammate Connections
8
Premier League Clubs since 2000 (minefield)
9
MLB Teams by First Game
10
Top 10 NHL Goal Scorers of All Time
Explore More
Trending Topics
Harry Potter
Kpop
NBA
Crossword
Anime
Marvel
Disney
Pokémon
Song
The Office
WWE
Soccer
NFL
Country
Puzzle
hide this ad
More By:
jamakl
Quiz
Plays
Rating
Category
Featured
Created
NBA 1000-500-500 seasons
4,552
4.37
Sports
Apr 12, 2011
NBA Alltime Leaders Playoffs per Team
2,393
4.62
Sports
Apr 19, 2011
NBA Most Career Wins since 1985
364
5.00
Sports
Apr 25, 2011
30-15-10 Triple Doubles NBA since 1986
245
4.33
Sports
Apr 2, 2011
Best 31yrs and older NBA scorers
215
4.67
Sports
Apr 13, 2011
Go to Creator's Profile
Score Distribution
Quiz Creator Spotlight
jamakl
Follow
Send a Message
Quizzes Created
-
Created Quiz Play Count
-
More By This Creator
Popular Quizzes Today
1
5x2 Blitz: Bands
2
Find the 'City' Movie
3
Find the US States - No Outlines Minefield
4
Colored Red Africa Blitz
5
The Countries of the World
6
Find the US States
7
9x9 Crossword: Cartoon Network
8
Risky Map Clicking: Biggest States A-Z
More Sports Quizzes
F1 2020 Teams History
Quiz Lab
Trending Quizzes
Colored Red Africa Blitz II
Colored Red Europe Blitz I
Find the 'Dark' Movie
Find the 'Day' Movie
Find the 'Good' Movie
Recently Updated
Champions League XIs: Real Madrid
pecheneg
Largest US Cities 1790-2010
pecheneg
Rides in Walt Disney World
pecheneg
Most Oscar Losses (Acting)
pecheneg
Beyoncé Albums
pecheneg
Leaping Animals
pecheneg
Reality TV Shows (A-Z)
bhenderson79
Rickey Henderson's Hall of Fame Teammates
pecheneg
Champions League XIs: Arsenal
pecheneg
Quick Pick: Celebrities in WWE's Hall of Fame
aduchscher
Trending Topics
Marvel
Kpop
Harry Potter
Anime
Crossword
Disney
NBA
Song
WWE
The Office
Pokémon
Puzzle
NFL
Country
Soccer
Your Account Isn't Verified!
In order to create a playlist on Sporcle, you need to verify the email address you used during registration. Go to your
Sporcle Settings
to finish the process.
Report this User
Report this user for behavior that violates our
Community Guidelines
.
Details:
Send Report
Go to the Sporcle.com Mobile Site →
Comments